[Event "Monarch Assurance Isle of Man 8th"]
[Site "Port Erin IOM"]
[Date "1999.11.07"]
[Round "2"]
[White "Ellison, D George"]
[Black "Allen, Keith"]
[Result "0-1"]
[WhiteElo "2100"]
[BlackElo "2233"]
[PlyCount "154"]
[EventDate "1999.11.06"]
[EventType "swiss"]
[EventRounds "9"]
[EventCountry "IOM"]

1. e4 e5 2. Nf3 Nc6 3. Bc4 Bc5 4. c3 Nf6 5. b4 Bb6 6. d3 d6 7. a4 a6 8. Nbd2
O-O 9. O-O Ne7 10. Bb3 Ng6 11. Nc4 Ba7 12. Be3 Be6 13. Bxa7 Rxa7 14. Ne3 Ra8
15. Ra2 c6 16. Rd2 Qc7 17. Ng5 Bxb3 18. Qxb3 h6 19. Nh3 d5 20. Qc2 Rad8 21. f3
Qb6 22. Re1 a5 23. bxa5 Qxa5 24. exd5 cxd5 25. Qb3 d4 26. Nc4 Qxc3 27. Qb1 Nd5
28. Rc1 Qb4 29. Qxb4 Nxb4 30. Rb1 Na6 31. Rxb7 Nc5 32. Rb4 Rb8 33. Rxb8 Rxb8
34. a5 Rb1+ 35. Kf2 Ra1 36. Ke2 Nb3 37. Rb2 Nxa5 38. Nxa5 Rxa5 39. g3 f5 40.
Nf2 Ra7 41. Kf1 Kf7 42. Rb5 Re7 43. Ke2 Kf6 44. Ra5 Re6 45. Ra7 Ne7 46. Kd2 Rb6
47. Ra2 Nd5 48. Nd1 h5 49. h4 Rc6 50. Ra8 Nb4 51. Nf2 Rc2+ 52. Ke1 Rc1+ 53. Ke2
Rc2+ 54. Ke1 Rc1+ 55. Ke2 Rg1 56. Rf8+ Ke6 57. Nh3 Rg2+ 58. Kf1 Rxg3 59. Ng5+
Rxg5 60. hxg5 Nxd3 61. Rh8 Kf7 62. Rxh5 Kg6 63. Rh8 Kxg5 64. Rg8 g6 65. Ke2
Nf4+ 66. Kd2 Ng2 67. Ke2 Kf4 68. Rxg6 Nh4 69. Rg8 Nxf3 70. Ra8 e4 71. Ra3 d3+
72. Kd1 Ke3 73. Ra5 f4 74. Ra4 Nd4 75. Ra8 Ne2 76. Ra3 f3 77. Rb3 Ng3 0-1

[Event "Monarch Assurance Isle of Man 8th"]
[Site "Port Erin IOM"]
[Date "1999.11.07"]
[Round "2"]
[White "Emms, John"]
[Black "Hebden, Mark"]
[Result "1/2-1/2"]
[WhiteElo "2586"]
[BlackElo "2510"]
[PlyCount "96"]
[EventDate "1999.11.06"]
[EventType "swiss"]
[EventRounds "9"]
[EventCountry "IOM"]

1. e4 e5 2. Nf3 Nc6 3. Bb5 a6 4. Ba4 Nf6 5. O-O Be7 6. Re1 b5 7. Bb3 O-O 8. a4
Bb7 9. d3 d6 10. Nbd2 Re8 11. Nf1 h6 12. Ne3 Bf8 13. c3 Ne7 14. Nh4 c5 15. Ng4
Nxg4 16. Qxg4 Qc8 17. Qg3 c4 18. dxc4 bxc4 19. Ba2 Qe6 20. Nf3 Nc6 21. Nd2 Na5
22. Qf3 d5 23. Qe2 Rac8 24. b4 cxb3 25. Nxb3 Nc4 26. Nd2 Nb6 27. a5 Nc4 28.
Nxc4 dxc4 29. Rb1 Rc7 30. Rd1 Qc6 31. f3 Qc5+ 32. Be3 Qxa5 33. Bxc4 Bc5 34.
Bxc5 Qxc5+ 35. Kh1 Qxc4 36. Qxc4 Rxc4 37. Rxb7 Rxc3 38. h4 h5 39. Rdd7 Rf8 40.
Rd6 Rc2 41. Rd5 Re8 42. Rdd7 Re6 43. Rxf7 Rg6 44. Rf5 Rgxg2 45. Rb8+ Kh7 46.
Rxh5+ Kg6 47. Rxe5 Rh2+ 48. Kg1 Rhg2+ 1/2-1/2

[Event "Monarch Assurance Isle of Man 8th"]
[Site "Port Erin IOM"]
[Date "1999.11.07"]
[Round "2"]
[White "Farndon, David Alexander"]
[Black "Bourne, James"]
[Result "1-0"]
[WhiteElo "2238"]
[BlackElo "2105"]
[PlyCount "93"]
[EventDate "1999.11.06"]
[EventType "swiss"]
[EventRounds "9"]
[EventCountry "IOM"]

1. Nf3 Nf6 2. c4 g6 3. g3 Bg7 4. Bg2 O-O 5. Nc3 d6 6. O-O e5 7. d3 Nc6 8. Rb1
a5 9. a3 Nd4 10. Bg5 Ne6 11. Bxf6 Bxf6 12. b4 axb4 13. axb4 Bg7 14. Qd2 c6 15.
Ra1 Rxa1 16. Rxa1 f5 17. Ra3 g5 18. b5 g4 19. Ne1 Qc7 20. bxc6 bxc6 21. Na2 f4
22. Nb4 Nd4 23. Nec2 Nxc2 24. Nxc2 f3 25. exf3 gxf3 26. Bf1 Be6 27. Qe3 c5 28.
Ne1 Qb7 29. Qe4 Qb1 30. Ra8 Bc8 31. Nxf3 Qb7 32. Qxb7 Bxb7 33. Rxf8+ Kxf8 34.
Ng5 Kg8 35. Bg2 Bc8 36. Bd5+ Kf8 37. Nxh7+ Ke7 38. Ng5 Bh6 39. h4 Bxg5 40. hxg5
Bf5 41. Be4 Bg4 42. f3 Bd7 43. Kf2 Ke6 44. Ke3 Be8 45. f4 exf4+ 46. gxf4 Bh5
47. Bh7 1-0

[Event "Monarch Assurance Isle of Man 8th"]
[Site "Port Erin IOM"]
[Date "1999.11.07"]
[Round "2"]
[White "Fraser-Mitchell, Jeremy"]
[Black "Giddins, Stephen"]
[Result "1-0"]
[WhiteElo "2066"]
[BlackElo "2376"]
[PlyCount "61"]
[EventDate "1999.11.06"]
[EventType "swiss"]
[EventRounds "9"]
[EventCountry "IOM"]

1. d4 e6 2. c4 f5 3. g3 Nf6 4. Bg2 Be7 5. Nf3 O-O 6. O-O c6 7. b3 a5 8. Bb2 d5
9. Nbd2 b6 10. Ne5 Bb7 11. Ndf3 Bd6 12. Qc2 Qe7 13. e3 Na6 14. a3 Rac8 15. Rfe1
Ne4 16. Nd3 c5 17. Nfe5 Rc7 18. f3 Nf6 19. Qe2 a4 20. bxa4 cxd4 21. cxd5 Nxd5
22. exd4 Rfc8 23. Rec1 Nc3 24. Rxc3 Rxc3 25. Bxc3 Rxc3 26. Qb2 Qc7 27. Rb1 Bxe5
28. Nxe5 Rc2 29. Qxb6 Rc1+ 30. Bf1 Rxb1 31. Qxe6+ 1-0

[Event "Monarch Assurance Isle of Man 8th"]
[Site "Port Erin IOM"]
[Date "1999.11.07"]
[Round "2"]
[White "Goodger, Martyn"]
[Black "Agnos, Demetrios"]
[Result "0-1"]
[WhiteElo "2185"]
[BlackElo "2456"]
[PlyCount "86"]
[EventDate "1999.11.06"]
[EventType "swiss"]
[EventRounds "9"]
[EventCountry "IOM"]

1. e4 c5 2. c3 Nf6 3. e5 Nd5 4. d4 cxd4 5. Nf3 e6 6. cxd4 d6 7. a3 Bd7 8. Bd3
Bc6 9. O-O Nd7 10. Re1 Be7 11. b4 a6 12. Nbd2 Nc3 13. Qb3 Rc8 14. Qxc3 Bxf3 15.
Qb3 Bd5 16. Qd1 dxe5 17. dxe5 O-O 18. Re3 Bg5 19. Rh3 g6 20. Bb2 Bf4 21. Qe1
Qg5 22. Ne4 Bxe4 23. Bxe4 Rc7 24. Rd1 Bxe5 25. Bc1 Bf4 26. Bb2 Nb6 27. Rhd3 Nc4
28. Ba1 Be5 29. Bxe5 Qxe5 30. Bf3 Qf6 31. Qc3 Qe7 32. h3 h5 33. Qd4 e5 34. Qa1
e4 35. Re1 exd3 36. Rxe7 Rxe7 37. Qd4 Ne5 38. Bd1 Nc6 39. Qc3 Rd8 40. g4 d2 41.
gxh5 Re1+ 42. Kg2 Rxd1 43. hxg6 Rg1+ 0-1

[Event "Monarch Assurance Isle of Man 8th"]
[Site "Port Erin IOM"]
[Date "1999.11.07"]
[Round "2"]
[White "Hickman, John"]
[Black "Hill, David"]
[Result "1/2-1/2"]
[WhiteElo "2125"]
[BlackElo "2024"]
[PlyCount "120"]
[EventDate "1999.11.06"]
[EventType "swiss"]
[EventRounds "9"]
[EventCountry "IOM"]

1. Nf3 Nf6 2. g3 b6 3. Bg2 Bb7 4. O-O e6 5. d3 d5 6. Nbd2 Be7 7. Re1 O-O 8. e4
dxe4 9. Ng5 Nbd7 10. Ndxe4 Nxe4 11. Nxe4 Nc5 12. Nxc5 Bxg2 13. Nxe6 fxe6 14.
Kxg2 Qd5+ 15. Kg1 Rf6 16. Be3 Raf8 17. Qe2 Rf3 18. Rf1 h5 19. Rae1 R8f6 20. c4
Qf5 21. Bd4 Rg6 22. Qe4 c5 23. Bc3 Bf6 24. Bxf6 Qxf6 25. Re3 Rf5 26. b3 Kh7 27.
Re2 Rf3 28. Kg2 Rf5 29. Rfe1 h4 30. Qxe6 Rxf2+ 31. Rxf2 Qxe6 32. Rxe6 Rxe6 33.
gxh4 Kg6 34. a4 a5 35. Kf3 Rd6 36. Ke3 Kh5 37. Rf4 g5 38. hxg5 Kxg5 39. h4+ Kh5
40. d4 Re6+ 41. Re4 cxd4+ 42. Kxd4 Rd6+ 43. Kc3 Rg6 44. c5 Rc6 45. Re5+ Kxh4
46. Kd4 Kg4 47. cxb6 Rxb6 48. Kc4 Ra6 49. Kb5 Ra8 50. Re6 Kf5 51. Ra6 Rb8+ 52.
Rb6 Ra8 53. Kc6 Ke4 54. Rb5 Kd4 55. Kb7 Rh8 56. Rxa5 Rh7+ 57. Kb6 Rh6+ 58. Kc7
Rh7+ 59. Kb6 Rh6+ 60. Kb5 Kc3 1/2-1/2

[Event "Monarch Assurance Isle of Man 8th"]
[Site "Port Erin IOM"]
[Date "1999.11.07"]
[Round "2"]
[White "Kiriakov, Petr"]
[Black "Collins, Sam"]
[Result "1-0"]
[WhiteElo "2554"]
[BlackElo "2097"]
[PlyCount "61"]
[EventDate "1999.11.06"]
[EventType "swiss"]
[EventRounds "9"]
[EventCountry "IOM"]

1. d4 d5 2. c4 e6 3. Nc3 Nf6 4. cxd5 exd5 5. Bg5 Be7 6. e3 O-O 7. Bd3 Nbd7 8.
Nf3 Re8 9. O-O c6 10. Qc2 Nf8 11. h3 Be6 12. Rab1 Ne4 13. Bxe7 Rxe7 14. b4 f5
15. Rfc1 a6 16. Na4 Ng6 17. Nc5 Qd6 18. a4 Rae8 19. b5 axb5 20. axb5 Bc8 21.
bxc6 bxc6 22. Rb6 Qf6 23. Bb5 Ng5 24. Qd1 Nxf3+ 25. Qxf3 Nh4 26. Qh5 g6 27. Qh6
Qg7 28. Qxg7+ Kxg7 29. Bxc6 Rd8 30. Rb8 Rc7 31. Ne6+ 1-0

[Event "Monarch Assurance Isle of Man 8th"]
[Site "Port Erin IOM"]
[Date "1999.11.07"]
[Round "2"]
[White "Kristensen, Bjarke"]
[Black "Paschall, William"]
[Result "0-1"]
[WhiteElo "2406"]
[BlackElo "2332"]
[PlyCount "80"]
[EventDate "1999.11.06"]
[EventType "swiss"]
[EventRounds "9"]
[EventCountry "IOM"]

1. e4 c5 2. Nf3 d6 3. d4 Nf6 4. Nc3 cxd4 5. Nxd4 Nc6 6. Be2 g6 7. O-O Bg7 8.
Be3 O-O 9. h3 d5 10. Nxc6 bxc6 11. e5 Nd7 12. f4 e6 13. Na4 f6 14. exf6 Qxf6
15. c3 e5 16. Qd2 Qh4 17. b3 Nf6 18. Nc5 Bf5 19. Qe1 Qxe1 20. Raxe1 exf4 21.
Rxf4 Ne4 22. Nxe4 Bxe4 23. Rxf8+ Rxf8 24. Bd4 a5 25. Bg4 Bxd4+ 26. cxd4 Rb8 27.
Bd7 Rb4 28. Bxc6 Rxd4 29. Re2 Rd1+ 30. Kf2 Rc1 31. Bb7 Kf7 32. Ke3 Ke6 33. Kf4
Kf6 34. Rf2 g5+ 35. Kg3+ Ke5 36. Kg4 Rc7 37. Ba8 Rc2 38. Rxc2 Bxc2 39. Kxg5 Be4
40. Bxd5 Kxd5 0-1

[Event "Monarch Assurance Isle of Man 8th"]
[Site "Port Erin IOM"]
[Date "1999.11.07"]
[Round "2"]
[White "Lalic, Bogdan"]
[Black "Puuska, Heini"]
[Result "1/2-1/2"]
[WhiteElo "2550"]
[BlackElo "2035"]
[PlyCount "75"]
[EventDate "1999.11.06"]
[EventType "swiss"]
[EventRounds "9"]
[EventCountry "IOM"]

1. d4 Nf6 2. c4 e6 3. g3 d5 4. Bg2 c6 5. Qc2 dxc4 6. Qxc4 Nbd7 7. Nf3 Bd6 8.
O-O O-O 9. Qc2 e5 10. Nbd2 exd4 11. Nxd4 Nb6 12. N2f3 Re8 13. b3 Nbd5 14. Bb2
Nb4 15. Qc4 c5 16. Nb5 Be6 17. Qc1 Bf8 18. Bxf6 gxf6 19. Nc3 Qe7 20. Nh4 Rad8
21. Qf4 Nd5 22. Bxd5 Bxd5 23. Rad1 Bc6 24. e4 Qe5 25. Qg4+ Kh8 26. Rxd8 Rxd8
27. Qf3 b5 28. Nf5 b4 29. Nd5 Bxd5 30. exd5 Rxd5 31. Ne3 Rd3 32. Qa8 Kg7 33. g4
Qf4 34. h3 Rd2 35. Nf5+ Kg8 36. Ne7+ Kg7 37. Nf5+ Kg8 38. Ne7+ 1/2-1/2

[Event "Monarch Assurance Isle of Man 8th"]
[Site "Port Erin IOM"]
[Date "1999.11.07"]
[Round "2"]
[White "Maki-Uuro, Miikka"]
[Black "Jackson, Adrian"]
[Result "0-1"]
[WhiteElo "2363"]
[BlackElo "2223"]
[PlyCount "116"]
[EventDate "1999.11.06"]
[EventType "swiss"]
[EventRounds "9"]
[EventCountry "IOM"]

1. d4 Nf6 2. Nf3 g6 3. g3 Bg7 4. Bg2 O-O 5. O-O d6 6. Nc3 Nbd7 7. e4 e5 8. h3
exd4 9. Nxd4 Nb6 10. Re1 Bd7 11. a4 a6 12. a5 Nc8 13. f4 c5 14. Nb3 Bc6 15. Be3
Re8 16. Bf2 Na7 17. Qd3 Nb5 18. Nd5 Bxd5 19. exd5 Qd7 20. c4 Na7 21. Nd2 Nc8
22. Rec1 Ne7 23. Rab1 Qa4 24. b4 cxb4 25. c5 Qxa5 26. cxd6 Nf5 27. Rc5 Qd8 28.
Rxb4 Nxd6 29. Rb1 Nd7 30. Rcc1 Rc8 31. Nb3 b5 32. Rc6 Nb8 33. Bb6 Qe7 34. Rxc8
Rxc8 35. Rc1 Rxc1+ 36. Nxc1 Nc4 37. Bf2 a5 38. Nb3 a4 39. Nd4 Qd7 40. Qb1 a3
41. Qb3 Na6 42. Nxb5 Nd2 43. Qa4 Nc7 44. Qxa3 Qxb5 45. d6 Ne6 46. Qa8+ Bf8 47.
Qa2 Qe2 48. Qd5 Bxd6 49. f5 gxf5 50. Qxf5 Qd1+ 51. Kh2 Nf1+ 52. Bxf1 Qxf1 53.
Qg4+ Kf8 54. Be3 Qf6 55. Qe4 Qb2+ 56. Kg1 Qe5 57. Qa8+ Kg7 58. Bf2 Bc5 0-1

[Event "Monarch Assurance Isle of Man 8th"]
[Site "Port Erin IOM"]
[Date "1999.11.07"]
[Round "2"]
[White "Murtagh, Dermot"]
[Black "Player, Edmund"]
[Result "0-1"]
[WhiteElo "1791"]
[BlackElo "2105"]
[PlyCount "94"]
[EventDate "1999.11.06"]
[EventType "swiss"]
[EventRounds "9"]
[EventCountry "IOM"]

1. e4 e6 2. d3 d5 3. Nd2 Nf6 4. Ngf3 c5 5. g3 Nc6 6. Bg2 Be7 7. O-O O-O 8. e5
Nd7 9. Re1 Qc7 10. Qe2 b5 11. Nf1 Bb7 12. h4 Rac8 13. Bf4 Qb6 14. Rac1 c4 15.
dxc4 bxc4 16. c3 Nc5 17. Be3 Qa5 18. b4 cxb3 19. Bxc5 Ba6 20. Qb2 Bxc5 21. Qxb3
Bc4 22. Qd1 Qxa2 23. N1d2 Qb2 24. Nxc4 dxc4 25. Bf1 Bxf2+ 26. Kh1 Bxe1 27. Qxe1
Ne7 28. Nd2 Qb5 29. Rb1 Qd7 30. Kh2 Rb8 31. Nxc4 Qd5 32. Rd1 Qc5 33. Bd3 Rfd8
34. Qe4 g6 35. Rf1 Qd5 36. Qf4 Nf5 37. Be2 Rf8 38. Kh3 a5 39. g4 Ne7 40. Nd6
Rb3 41. Nxf7 Rxc3+ 42. Kh2 Nf5 43. Nd6 Rc2 44. Rf2 Rxe2 45. Rxe2 Nd4 46. Qe3
Nxe2 47. Qxe2 Qf3 0-1

[Event "Monarch Assurance Isle of Man 8th"]
[Site "Port Erin IOM"]
[Date "1999.11.07"]
[Round "2"]
[White "Naes, Flovin Tor"]
[Black "Benson, Paul"]
[Result "1-0"]
[WhiteElo "2222"]
[BlackElo "2067"]
[PlyCount "81"]
[EventDate "1999.11.06"]
[EventType "swiss"]
[EventRounds "9"]
[EventCountry "IOM"]

1. c4 f5 2. Nf3 Nf6 3. Nc3 d6 4. g3 g6 5. Bg2 Bg7 6. O-O O-O 7. d3 Nh5 8. Qb3
c5 9. Ng5 Nc6 10. Bd5+ Kh8 11. e3 Ne5 12. Ne2 Rb8 13. Nf4 Nxf4 14. exf4 Ng4 15.
Bd2 Bd4 16. Bc3 e5 17. Bxd4 cxd4 18. Nf7+ Rxf7 19. Bxf7 exf4 20. Bd5 fxg3 21.
fxg3 Bd7 22. Qa3 Qb6 23. b4 Ne3 24. Rf2 g5 25. Re1 h5 26. Qb2 Kh7 27. Qe2 g4
28. Qb2 Kg6 29. Rf4 a5 30. a3 axb4 31. axb4 Ra8 32. Rc1 Ra4 33. Qxd4 Qxd4 34.
Rxd4 Rxb4 35. Kf2 Nxd5 36. Rxd5 Rb2+ 37. Ke3 Bc6 38. Rxd6+ Kg7 39. Kf4 Rf2+ 40.
Kg5 Rxh2 41. Re1 1-0

[Event "Monarch Assurance Isle of Man 8th"]
[Site "Port Erin IOM"]
[Date "1999.11.07"]
[Round "2"]
[White "Nicholson, John"]
[Black "Coleman, David"]
[Result "0-1"]
[WhiteElo "2023"]
[BlackElo "2240"]
[PlyCount "84"]
[EventDate "1999.11.06"]
[EventType "swiss"]
[EventRounds "9"]
[EventCountry "IOM"]

1. e4 c5 2. Nf3 d6 3. c3 Nf6 4. Bc4 e6 5. d3 Be7 6. Bb3 Nc6 7. O-O b6 8. Re1
Ba6 9. d4 O-O 10. Nbd2 Rc8 11. e5 dxe5 12. Nxe5 Nxe5 13. dxe5 Nd7 14. Qg4 Bd3
15. Nf3 c4 16. Bh6 Bg6 17. Bxc4 gxh6 18. Bb5 Qc7 19. Nd4 Nxe5 20. Qe2 Bd6 21.
f4 Nc4 22. Nc6 Bc5+ 23. Kh1 Nd6 24. Ne5 Nxb5 25. Qxb5 f6 26. Nxg6 hxg6 27. Rxe6
Qxf4 28. Rf1 Qg5 29. b4 Be3 30. Qd7 Rcd8 31. Qc6 Bf4 32. Re7 Qd5 33. Qxd5+ Rxd5
34. Rxa7 Rc8 35. a4 Rxc3 36. a5 bxa5 37. bxa5 Ra3 38. g3 Be5 39. Rc1 Ra1 40.
Rxa1 Bxa1 41. Ra8+ Kf7 42. a6 Ra5 0-1

[Event "Monarch Assurance Isle of Man 8th"]
[Site "Port Erin IOM"]
[Date "1999.11.07"]
[Round "2"]
[White "Nieminen, Kari"]
[Black "Sutovsky, Emil"]
[Result "0-1"]
[WhiteElo "2230"]
[BlackElo "2587"]
[PlyCount "171"]
[EventDate "1999.11.06"]
[EventType "swiss"]
[EventRounds "9"]
[EventCountry "IOM"]

1. e4 c5 2. Nc3 Nc6 3. Nf3 g6 4. d4 cxd4 5. Nxd4 Bg7 6. Be3 Nf6 7. Bc4 O-O 8.
Bb3 d6 9. h3 Na5 10. O-O b6 11. Bg5 Bb7 12. Re1 a6 13. Nd5 e6 14. Bxf6 Bxf6 15.
Nxf6+ Qxf6 16. c3 Rac8 17. Qd3 Rfd8 18. Qg3 b5 19. Rad1 e5 20. Nf3 Nxb3 21.
axb3 Qe6 22. b4 f6 23. Nh2 d5 24. exd5 Rxd5 25. Rxd5 Qxd5 26. Ng4 Rf8 27. Ne3
Qd2 28. Rd1 Qxb2 29. Rd7 Rf7 30. Rd8+ Rf8 31. Rd7 Bc8 32. Rc7 Qb1+ 33. Kh2 Qe4
34. Ng4 Bxg4 35. Qxg4 Qxg4 36. hxg4 Ra8 37. f3 a5 38. bxa5 Rxa5 39. Rc8+ Kg7
40. Rc7+ Kh6 41. Kg3 Ra3 42. Rc5 Rb3 43. Rc6 Kg7 44. Rc7+ Kf8 45. Rxh7 Rxc3 46.
Rb7 Rb3 47. g5 f5 48. Rb6 Kf7 49. Rf6+ Kg7 50. Re6 e4 51. Kf4 Kf7 52. Rf6+ Kg7
53. Re6 Rb4 54. Ke5 Kf7 55. Rf6+ Kg7 56. Re6 Rc4 57. Rb6 b4 58. Kd5 Rc8 59.
Rb7+ Kf8 60. fxe4 Rd8+ 61. Ke6 fxe4 62. Rxb4 e3 63. Rb1 e2 64. Re1 Kg7 65. Ke7
Rd5 66. Rxe2 Rxg5 67. Ke6 Kh6 68. Rf2 Ra5 69. Rf3 Kh5 70. Kf6 g5 71. g3 Kg4 72.
Rb3 Kh3 73. Kg6 Kg4 74. Kf6 Kh3 75. Kg6 g4 76. Kf6 Kg2 77. Rc3 Kh2 78. Rb3 Rh5
79. Kg6 Rh3 80. Kg5 Rxg3 81. Rb1 Rg2 82. Kh4 g3 83. Rb3 Rg1 84. Rb2+ g2 85. Rb3
Rh1 86. Rb2 0-1

[Event "Monarch Assurance Isle of Man 8th"]
[Site "Port Erin IOM"]
[Date "1999.11.07"]
[Round "2"]
[White "Rowson, Jonathan"]
[Black "Psakhis, Lev"]
[Result "0-1"]
[WhiteElo "2494"]
[BlackElo "2581"]
[PlyCount "84"]
[EventDate "1999.11.06"]
[EventType "swiss"]
[EventRounds "9"]
[EventCountry "IOM"]

1. e4 e6 2. d4 d5 3. Nc3 Bb4 4. e5 c5 5. a3 Bxc3+ 6. bxc3 Ne7 7. h4 Qc7 8. h5
h6 9. Nf3 b6 10. Bb5+ Bd7 11. Be2 Ba4 12. dxc5 bxc5 13. Rh4 c4 14. Rg4 Rg8 15.
Rb1 Nd7 16. Rb4 a5 17. Rxa4 Nb6 18. Rb4 axb4 19. cxb4 g5 20. hxg6 Rxg6 21. Rxg6
Nxg6 22. Qd4 Nd7 23. Bb2 Kd8 24. Kd2 Qa7 25. Qxa7 Rxa7 26. g3 Ra8 27. Bf1 Kc7
28. Be2 Ra4 29. Bd1 Kb7 30. Be2 Ra8 31. Bd1 Ne7 32. Nd4 Nxe5 33. f4 N5c6 34.
Nb5 Nf5 35. g4 Kb6 36. Nc3 Nd6 37. Bf3 Nb5 38. Nb1 d4 39. c3 d3 40. Bd1 f5 41.
a4 Nd6 42. b5 Na5 0-1

[Event "Monarch Assurance Isle of Man 8th"]
[Site "Port Erin IOM"]
[Date "1999.11.07"]
[Round "2"]
[White "Ryan, Joe"]
[Black "McLean, John"]
[Result "1/2-1/2"]
[WhiteElo "2280"]
[BlackElo "2135"]
[PlyCount "112"]
[EventDate "1999.11.06"]
[EventType "swiss"]
[EventRounds "9"]
[EventCountry "IOM"]

1. d4 Nf6 2. Nf3 g6 3. Bg5 Bg7 4. c3 O-O 5. Nbd2 d6 6. e4 c5 7. dxc5 dxc5 8.
Be2 Nc6 9. O-O Qc7 10. h3 h6 11. Be3 b6 12. Qc2 Nh5 13. Rfe1 Bb7 14. Bc4 Kh7
15. Nh2 Rad8 16. Bf1 e5 17. Ndf3 Qe7 18. a4 Nf6 19. Bd2 Na5 20. b4 cxb4 21.
cxb4 Rc8 22. Qa2 Nc6 23. Qb1 Rfd8 24. Bc3 Nd4 25. Bxd4 exd4 26. Bd3 Rc3 27. Nd2
Nh5 28. g3 Qc7 29. Ndf1 Qd7 30. Ng4 Nf6 31. f3 h5 32. Nf2 Bh6 33. e5 Nd5 34. e6
Qc7 35. Be4 Ne3 36. exf7 Qxf7 37. Bxb7 Qxb7 38. Ne4 Nxf1 39. Rxf1 Be3+ 40. Kg2
Rc6 41. b5 Rc4 42. Qd3 Qc7 43. f4 Rc2+ 44. Kh1 Rc8 45. f5 Qb7 46. fxg6+ Kh8 47.
Rf7 Qd5 48. Rh7+ Kg8 49. Rf1 Rc1 50. Rxc1 Rxc1+ 51. Kg2 Rg1+ 52. Kh2 Qa2+ 53.
Nd2 Bxd2 54. Kxg1 Be3+ 55. Kh1 Qd5+ 56. Kh2 Qa2+ 1/2-1/2

[Event "Monarch Assurance Isle of Man 8th"]
[Site "Port Erin IOM"]
[Date "1999.11.07"]
[Round "2"]
[White "Shipov, Sergei"]
[Black "Shneider, Aleksander"]
[Result "1/2-1/2"]
[WhiteElo "2658"]
[BlackElo "2551"]
[PlyCount "44"]
[EventDate "1999.11.06"]
[EventType "swiss"]
[EventRounds "9"]
[EventCountry "IOM"]

1. d4 Nf6 2. c4 e6 3. Nc3 Bb4 4. Qc2 c5 5. dxc5 O-O 6. a3 Bxc5 7. Nf3 b6 8. Bg5
Bb7 9. e4 h6 10. Bh4 Be7 11. Rd1 Nh5 12. Bxe7 Qxe7 13. Nd2 d5 14. Nb3 dxe4 15.
Nxe4 Rd8 16. Rxd8+ Qxd8 17. Be2 Nf6 18. Nc3 Nbd7 19. O-O a6 20. Rd1 Qc7 21. h3
Rc8 22. Nd4 Kf8 1/2-1/2

[Event "Monarch Assurance Isle of Man 8th"]
[Site "Port Erin IOM"]
[Date "1999.11.07"]
[Round "2"]
[White "Spanton, Tim"]
[Black "Hank, Holger"]
[Result "1/2-1/2"]
[WhiteElo "2147"]
[BlackElo "2063"]
[PlyCount "34"]
[EventDate "1999.11.06"]
[EventType "swiss"]
[EventRounds "9"]
[EventCountry "IOM"]

1. e4 e6 2. d4 d5 3. Be3 Nf6 4. e5 Nfd7 5. Bd3 c5 6. c3 Nc6 7. Nd2 Qb6 8. Ne2
c4 9. Bxc4 dxc4 10. d5 Qb5 11. dxc6 Nxe5 12. O-O Nxc6 13. Nd4 Qd5 14. Qa4 Bd7
15. Qxc4 Qxc4 16. Nxc4 Nxd4 17. Bxd4 Bb5 1/2-1/2

[Event "Monarch Assurance Isle of Man 8th"]
[Site "Port Erin IOM"]
[Date "1999.11.07"]
[Round "2"]
[White "Taylor, Peter"]
[Black "Marusenko, Petr"]
[Result "0-1"]
[WhiteElo "2164"]
[BlackElo "2406"]
[PlyCount "66"]
[EventDate "1999.11.06"]
[EventType "swiss"]
[EventRounds "9"]
[EventCountry "IOM"]

1. c4 f5 2. g3 Nf6 3. Bg2 g6 4. Nc3 Bg7 5. d3 O-O 6. e4 d6 7. Nge2 Nc6 8. O-O
e5 9. exf5 gxf5 10. f4 Be6 11. fxe5 dxe5 12. Bg5 Qd7 13. Rc1 Rae8 14. b3 Qf7
15. Qd2 Rd8 16. Nd5 Rd7 17. Nec3 Kh8 18. Rce1 Ng8 19. Kh1 Nd8 20. Qe2 c6 21.
Ne3 Qg6 22. Bxd8 Rfxd8 23. Rd1 e4 24. Na4 Rxd3 25. Rxd3 exd3 26. Qd2 Bc8 27.
Rd1 Nf6 28. Qa5 Re8 29. Qxa7 Ne4 30. Kg1 Qd6 31. Kf1 Bd4 32. c5 Nxg3+ 33. hxg3
Qxg3 0-1

[Event "Monarch Assurance Isle of Man 8th"]
[Site "Port Erin IOM"]
[Date "1999.11.07"]
[Round "2"]
[White "Thiruchelvam, Murugan"]
[Black "Ormsby, Alan"]
[Result "1/2-1/2"]
[WhiteElo "2072"]
[BlackElo "1568"]
[PlyCount "56"]
[EventDate "1999.11.06"]
[EventType "swiss"]
[EventRounds "9"]
[EventCountry "IOM"]

1. e4 c6 2. d4 d5 3. e5 Bf5 4. Nf3 e6 5. Be2 c5 6. c3 Nc6 7. O-O cxd4 8. cxd4
Nge7 9. Nc3 Nc8 10. Bg5 Be7 11. Bxe7 Qxe7 12. Rc1 O-O 13. Re1 a6 14. Na4 Bg4
15. Nc5 N8a7 16. Qd2 Bxf3 17. Bxf3 Nb5 18. Nb3 Qb4 19. Qxb4 Nxb4 20. a4 Nxd4
21. Nxd4 Nd3 22. Rcd1 Nxe1 23. Rxe1 Rfc8 24. Be2 Rc7 25. Kf1 Rac8 26. Rd1 Kf8
27. Ke1 Ke7 28. Kd2 h6 1/2-1/2

[Event "Monarch Assurance Isle of Man 8th"]
[Site "Port Erin IOM"]
[Date "1999.11.07"]
[Round "2"]
[White "Ward, Chris"]
[Black "McLeod, Fraser"]
[Result "1-0"]
[WhiteElo "2473"]
[BlackElo "1832"]
[PlyCount "55"]
[EventDate "1999.11.06"]
[EventType "swiss"]
[EventRounds "9"]
[EventCountry "IOM"]

1. d4 Nf6 2. c4 e6 3. Nc3 Bb4 4. Nf3 O-O 5. Bg5 c5 6. e3 d6 7. Bd3 Nbd7 8. O-O
Bxc3 9. bxc3 Qe7 10. e4 e5 11. d5 h6 12. Bd2 Qd8 13. Ne1 Qe7 14. Nc2 Re8 15.
Ne3 g6 16. g3 Kh7 17. Qe2 b6 18. Rae1 Nf8 19. f4 exf4 20. Rxf4 N8d7 21. Ref1
Rf8 22. Rh4 Ne5 23. Rxh6+ Kg7 24. Rh4 Bd7 25. Ng2 Rh8 26. Bg5 Bg4 27. Bxf6+
Qxf6 28. Rxg4 1-0

[Event "Monarch Assurance Isle of Man 8th"]
[Site "Port Erin IOM"]
[Date "1999.11.07"]
[Round "2"]
[White "Winfridsson, Hakan"]
[Black "Longson, Alex"]
[Result "0-1"]
[WhiteElo "2045"]
[BlackElo "2169"]
[PlyCount "116"]
[EventDate "1999.11.06"]
[EventType "swiss"]
[EventRounds "9"]
[EventCountry "IOM"]

1. e4 c5 2. Nf3 d6 3. d4 cxd4 4. Nxd4 Nf6 5. Nc3 a6 6. Be3 Ng4 7. Bg5 h6 8. Bh4
g5 9. Bg3 Bg7 10. Be2 h5 11. h4 gxh4 12. Bxh4 Nc6 13. Nb3 Be6 14. Qd2 Rc8 15.
f3 Nge5 16. Nd5 a5 17. c3 a4 18. Nd4 Nxd4 19. Bxe7 Qa5 20. cxd4 Qxd2+ 21. Kxd2
Bxd5 22. dxe5 Kxe7 23. exd5 Bxe5 24. Bd3 Bxb2 25. Rae1+ Kf6 26. Re4 a3 27. Reh4
Rhg8 28. R1h2 Be5 29. f4 Bc3+ 30. Kd1 Bb2 31. Rxh5 Rc1+ 32. Ke2 Re8+ 33. Kd2
Ree1 34. Bc2 Ra1 35. Rf5+ Ke7 36. Rh7 Bf6 37. g4 Rh1 38. Rxh1 Rxh1 39. Rh5 Ra1
40. Bb3 Rb1 41. Rh3 Rb2+ 42. Kd1 Rf2 43. Re3+ Kd8 44. Re4 b5 45. Rb4 Kc7 46.
Rxb5 Rxf4 47. Ra5 Bb2 48. Ra4 Rf3 49. Ke2 Rh3 50. Kd2 Kb6 51. Rb4+ Kc5 52. Rc4+
Kb5 53. Kc2 Rh2+ 54. Kd1 Rh4 55. Kc2 f5 56. Rc6 fxg4 57. Rxd6 Rh2+ 58. Kd1 g3
0-1

[Event "Monarch Assurance Isle of Man 8th"]
[Site "Port Erin IOM"]
[Date "1999.11.08"]
[Round "3"]
[White "Agnos, Demetrios"]
[Black "Emms, John"]
[Result "1/2-1/2"]
[WhiteElo "2456"]
[BlackElo "2586"]
[PlyCount "69"]
[EventDate "1999.11.06"]
[EventType "swiss"]
[EventRounds "9"]
[EventCountry "IOM"]

1. Nf3 Nf6 2. g3 b6 3. Bg2 Bb7 4. O-O e6 5. d3 d5 6. Nbd2 Nbd7 7. Re1 Bc5 8. c4
O-O 9. d4 Be7 10. b3 c5 11. Bb2 Rc8 12. e3 Rc7 13. Rc1 dxc4 14. bxc4 Qa8 15.
Qe2 Ne4 16. Nxe4 Bxe4 17. Red1 Nf6 18. Ne1 cxd4 19. exd4 Rd8 20. Rc3 Bxg2 21.
Nxg2 Qb7 22. d5 exd5 23. Re3 h6 24. Bxf6 Bxf6 25. Re8+ Rxe8 26. Qxe8+ Kh7 27.
cxd5 Re7 28. Qb5 g6 29. Ne3 Rd7 30. d6 a6 31. Qd5 Qxd5 32. Rxd5 Kg7 33. a4 b5
34. axb5 axb5 35. Rxb5 1/2-1/2